| 000 | 00470nam a2200181 a 4500 | ||
|---|---|---|---|
| 020 | _a0155079077 | ||
| 040 | _cDLC | ||
| 082 | 0 | 0 | _a512 HAR 1981 A032 Or. |
| 100 | 1 | _aEllis, Robert, | |
| 245 | 1 | 0 | _aCollege algebra and trigonometry / |
| 260 |
_aNew York : _bHarcourt Brace Jovanovich, _cc1981. |
||
| 300 |
_ax, 607, 54 p. : _bill. ; _c27 cm. |
||
| 500 | _aIncludes index. | ||
| 650 | 0 | _aAlgebra. | |
| 650 | 0 | _aTrigonometry. | |
| 700 | 1 | _aGulick, Denny. | |
| 942 | _cEK | ||
| 999 |
_c12052 _d12052 |
||